|
|
|
|
| LEADER |
00000nam a2200000 a 4500 |
| 001 |
vtls010654745 |
| 003 |
SK-MaSNL |
| 005 |
20260425235935.0 |
| 008 |
160430s2014 xr ob g 000 0 slo |
| 015 |
|
|
|a SNBZSA2015
|
| 020 |
|
|
|a 9788026067146 (brož.)
|
| 040 |
|
|
|a SNK
|b slo
|c SNK
|e AACR2
|
| 041 |
0 |
|
|a slo
|a eng
|
| 043 |
|
|
|a e-xr---
|a e-xo---
|b e-xr-mr
|
| 044 |
|
|
|a xr
|c CZ
|
| 072 |
|
7 |
|a 502
|x Životné prostredie a jeho ochrana
|2 konspekt
|
| 080 |
|
|
|a 911.2(23.0)
|2 2001
|
| 080 |
|
|
|a (437.6)
|2 2001
|
| 080 |
|
|
|a (084.12)
|2 2001
|
| 080 |
|
|
|a 502.2
|2 2001
|
| 080 |
|
|
|a (234.372.3)
|2 2001
|
| 080 |
|
|
|a (437.32-18)
|2 2001
|
| 245 |
0 |
0 |
|a Javorníky
|c [zostavili: Jiří Jurečka, Miroslav Dvorský ; autori fotografií David Černoch ... [et al.]]
|
| 260 |
|
|
|a Valašské Meziříčí
|b Občanské sdružení ochránců přírody
|a Lazy pod Makytou
|b Javorníky
|c c2014
|
| 300 |
|
|
|a 88 s.
|b fareb. fotogr., mp.
|c 21 x 30 cm
|
| 500 |
|
|
|a Vydalo Javorníky - združenie
|
| 546 |
|
|
|a Čiast. súbež. text v angl.
|
| 650 |
0 |
7 |
|a pohoria
|2 SNKPH
|9 44054
|
| 650 |
0 |
7 |
|a Mountain range
|2 SNKPHeng
|9 325284
|
| 650 |
0 |
7 |
|a prírodné pomery
|2 SNKPH
|9 3874
|
| 651 |
|
7 |
|a Javorníky (Česko a Slovensko : pohorie)
|2 SNKPHgeo
|9 24789
|
| 651 |
|
7 |
|a Javorníky (Czechia and Slovakia : mountains)
|2 SNKPHeng
|9 328196
|
| 651 |
|
7 |
|a Česko
|2 SNKPHgeo
|9 16753
|
| 651 |
|
7 |
|a Slovensko
|2 SNKPHgeo
|9 14231
|
| 655 |
|
7 |
|a fotografické publikácie
|2 SNKPH
|9 70483
|
| 655 |
|
7 |
|a Photographical works
|2 SNKPHeng
|9 278887
|
| 700 |
1 |
|
|a Jurečka, Jiři
|4 com
|9 331393
|
| 700 |
1 |
|
|a Dvorský, Miroslav,
|d 1957-
|4 com
|9 548776
|
| 700 |
1 |
|
|a Černoch, David
|4 pht
|9 536685
|
| 710 |
2 |
|
|a Javorníky (občianske združenie)
|4 pbl
|9 548777
|
| 919 |
|
|
|a 978-80-260-6714-6
|
| 958 |
|
|
|a ZS
|
| 999 |
|
|
|c 842084
|d 844014
|
| 952 |
|
|
|a SNK
|b SNK
|y PREZ
|7 0
|p 17A1139590
|o snkOSC 27143
|i snk2015/7503
|8 2
|g 8.00
|0 0
|1 0
|4 0
|d 2015-02-16
|l 0
|r 2026-02-24 04:15:09
|w 2026-02-24
|
| 952 |
|
|
|a SNK
|b SNK
|y VYP
|7 0
|p 17A1139589
|o snkOSC 27143 D1
|i snk2015/7504
|8 2
|g 8.00
|0 0
|1 0
|4 0
|d 2015-02-16
|l 0
|r 2026-02-24 04:15:09
|w 2026-02-24
|